00410nam a2200169Ia 4500008004000000041000800040082001100048100001000059245004500069260005400114650001100168650001800179650001000197650001400207650000800221700001100229210210b1962 xxu||||| |||| 00| 0 eng d aeng a334/70 aVAKIL aIndia and international financial reform aBombaybVora and Company Publishers Limitedc1962 areform ainternational aIndia afinancial aand aDOODHA